ბათუმის შოთა რუსთაველის სახელმწიფო უნივერსიტეტის ბიბლიოთეკა

Практикум по сельско-хозяйственным машинам (ბიბ.ჩანაწერი № 35582)

000 -LEADER
fixed length control field 00683nam a2200217Ia 4500
001 - CONTROL NUMBER
control field 1445
003 - CONTROL NUMBER IDENTIFIER
control field GE_BSU
008 - FIXED-LENGTH DATA ELEMENTS--GENERAL INFORMATION
fixed length control field 181216s||||||||xx |||||||||||||| ||und||
040 ## - CATALOGING SOURCE
Transcribing agency GE_BSU
080 ## - UNIVERSAL DECIMAL CLASSIFICATION NUMBER
Universal Decimal Classification number 631.3(075.3)
100 ## - MAIN ENTRY--PERSONAL NAME
Personal name Комаристов,В.Е. Одинцов,Л.А.
245 ## - TITLE STATEMENT
Title Практикум по сельско-хозяйственным машинам
245 ## - TITLE STATEMENT
Remainder of title Уч-е пособие для сел.-хоз. техникумов
260 ## - PUBLICATION, DISTRIBUTION, ETC.
Place of publication, distribution, etc. Москва
260 ## - PUBLICATION, DISTRIBUTION, ETC.
Name of publisher, distributor, etc. Колос
260 ## - PUBLICATION, DISTRIBUTION, ETC.
Date of publication, distribution, etc. 1978
300 ## - PHYSICAL DESCRIPTION
Extent 271стр.
653 ## - INDEX TERM--UNCONTROLLED
Uncontrolled term Практикум по сельско-хозяйственным машинам
942 ## - ADDED ENTRY ELEMENTS (KOHA)
Koha item type წიგნი
ეგზემპლარები
Withdrawn status Lost status Damaged status Not for loan Date acquired Barcode Date last seen Price effective from Koha item type
        2018-12-17 2868 2018-12-17 2018-12-17 წიგნი